000 00768nmc a2200277 a 4500
003 AR-BaBNM
005 20251128202730.0
008 147019s1967 ||||||||||||||000 | spa||
040 _cAR-BaBNM
100 1 _aHerrera, Felipe
245 1 0 _aAmérica Latina integrada
250 _a2ª ed.
260 _aBuenos Aires
_bLosada
_c1967
300 _a397 p.
490 0 _aBiblioteca de estudios económicos
504 _aContiene bibliografía para consultar p. 393-394
650 4 _aHISTORIA LATINOAMERICANA
650 4 _aHISTORIA POLITICA
650 4 _aHISTORIA DE LAS IDEAS
650 4 _aHISTORIA ECONOMICA
650 4 _aCULTURAS LATINOAMERICANAS
651 4 _aAmérica Latina
700 1 _aLagos, Gustavo
_eprologuista
942 _cBK
998 _cmariana
999 _c305
_d305